000
00328nam a22001337a 4500
008
181204b xxu||||| |||| 00| 0 eng d
020
_a
9780673990877
041
_a
eng
080
_a
370
100
_a
49
101
_a
EDU
245
_a
Phonics They Use Words For Reading And Writing
_c
Patricia,M C
942
_2
udc
_c
BK
999
_c
52791
_d
52791